000 01230nam a2200229Ia 4500
003 Ost
005 20260507075050.0
008 260507s9999||||xx |||||||||||||| ||und||
020 _a×079249957
040 _cfsecg
041 _aara
082 _a600
100 _aمصطفى، محمد محمود
_eمؤلف
245 0 _aإدارة المخزون والمواد :
_bمدخل كمي /
_c محمد محمود مصطفى
260 _aعمان:
_bدار صفاء للنشر,
_c2010
300 _a286 صفحة؛
_bإيضاحات ؛
_c24 سم
520 _aمقدمة في نظم المخزون-طرق تحديد موقع المخازن-نماذج الرقابة على المخزون-النماذج التحديدية للرقابة على المخزون-النماذج الاحتمالية للرقابة على المخزون-النماذج الاستكشافية للرقابة على المخزون-النماذج العشوائية ونظم المخزون-الرقابة على المخزون من واقع خطط الإنتاج-تخطيط الاحتياجات من المواد
653 _aإدارة الإنتاج
653 _aإدارة المخازن
653 _aإدارة المواد
942 _cكتاب
999 _c42627
_d42627